ՀՀ Գիտությունների ազգային ակադեմիայի հիմնարար գիտական գրադարան  =   Fundamental Scientific Library of NAS RA

Մաթեմատիկա : (Record no. 11052)

MARC details
000 -LEADER
fixed length control field 00863nam a2200217 a 4500
001 - CONTROL NUMBER
control field 000026305
003 - CONTROL NUMBER IDENTIFIER
control field AM-YEHGA
005 - DATE AND TIME OF LATEST TRANSACTION
control field 20250617121109.0
008 - FIXED-LENGTH DATA ELEMENTS--GENERAL INFORMATION
fixed length control field 980318s1978 ||||||||||||||||||||arm|d
040 ## - CATALOGING SOURCE
Original cataloging agency AM-YeHGA
041 1# - LANGUAGE CODE
Language code of text/sound track or separate title arm
090 ## - LOCALLY ASSIGNED LC-TYPE CALL NUMBER (OCLC); LOCAL CALL NUMBER (RLIN)
-- 11133
100 1# - MAIN ENTRY--PERSONAL NAME
Personal name Աբրամովիչ, Մ.Ի
245 10 - TITLE STATEMENT
Title Մաթեմատիկա :
Remainder of title Երկրաչափություն և եռանկյունաչափական ֆունկցիաներ /
Statement of responsibility, etc. Մ.Ի. Աբրամովիչ, Մ.Տ. Ստարոդուբցև ; Թարգմ.՝ Ռ.Մ. Կիրակոսյան.
246 11 - VARYING FORM OF TITLE
Title proper/short title Математика :
Remainder of title Геометрия и тригонометрические функции
260 ## - PUBLICATION, DISTRIBUTION, ETC.
Place of publication, distribution, etc. Երևան :
Name of publisher, distributor, etc. Լույս ,
Date of publication, distribution, etc. 1978.
300 ## - PHYSICAL DESCRIPTION
Extent 374 էջ.
650 14 - SUBJECT ADDED ENTRY--TOPICAL TERM
Topical term or geographic name entry element Մաթեմատիկա
700 1# - ADDED ENTRY--PERSONAL NAME
Personal name Ստարոդուբցև, Մ.Տ.
700 1# - ADDED ENTRY--PERSONAL NAME
Personal name Կիրակոսյան, Ռ.Մ.
Relator term թարգմ.
Relationship trl
Holdings
Withdrawn status Lost status Damaged status Not for loan Collection Home library Current library Date acquired Total checkouts Full call number Barcode Date last seen Price effective from Koha item type Public note
        General Fundamental Scientific Library Fundamental Scientific Library 21/12/2016   АII/61461 220061461 21/12/2016 21/12/2016 Գրքեր / Books 30 Days Loan
        General Fundamental Scientific Library Fundamental Scientific Library 21/12/2016   АII/61559 220061559 21/12/2016 21/12/2016 Գրքեր / Books 30 Days Loan
        General Fundamental Scientific Library Fundamental Scientific Library 21/12/2016   АII/61560 220061560 21/12/2016 21/12/2016 Գրքեր / Books 30 Days Loan
        General Fundamental Scientific Library Fundamental Scientific Library 21/12/2016   АII/61561 220061561 21/12/2016 21/12/2016 Գրքեր / Books 30 Days Loan
        General Fundamental Scientific Library Fundamental Scientific Library 21/12/2016   АII/61562 220061562 21/12/2016 21/12/2016 Գրքեր / Books 30 Days Loan
        General Fundamental Scientific Library Fundamental Scientific Library 21/12/2016   АII/61563 220061563 21/12/2016 21/12/2016 Գրքեր / Books 30 Days Loan


ՀՀ ԳԱԱ հիմնարար գիտական գրադարան
ՀՀ,Երևան 0019
Մարշալ Բաղրամյան 24/6
հեռախոս:(374-10) 52-47-50
Հետադարձ կապ

All site content, except where otherwise noted, is licensed under a
Creative Commons License